Quiz o Przasnyszu - Statystyki

Ogólne statystyki
  • Ten quiz został rozwiązany 4 razy
  • Średni wynik to 3 z 11
Statystyki odpowiedzi
Pytanie Odpowiedź % Poprawnych
Jakie rejestracje samochodowe są w Przasnyszu? WPZ
100%
Jak nazywa się burmistrz Przasnysza? Łukasz Chrostowski
67%
Jak nazywa się klub piłkarski z Przasnysza? {MKS} Przasnysz
67%
Nad jaką rzeką leży Przasnysz? Węgierka
67%
Jak nazywają się kanały telewizyjne z Przasnysza? {TV} Przasnysz
33%
W którym roku Przasnysz otrzymał prawa miejskie? 1427
0%
Co to za osiedle Przasnysza, które ma taką samą nazwę co miasto w powiecie warszawskim zachodnim? Błonie
0%
Jaka jest nazwa wsi w której znajduje się Lądowisko Przasnysz? Sierakowo
0%
Kto jest patronem Przasnysza? Stanisław Kostka
0%
Jak nazywają się kanały telewizyjne z Przasnysza? {TVP3} Przasnysz
0%
Co to za osiedle Przasnysza, które ma taką samą nazwę co dzielnica Katowic? Zawodzie
0%
Nie znaleziono quizów pasujących do podanych kryteriów
Rozkład punktacji
Procent ludzi z każdym wynikiem
Percentyl według liczby udzielonych odpowiedzi
Twoja historia wyników
Nie rozwiązałeś tego quizu